বাংলাদেশের ফুল / (Record no. 12958)
[ view plain ]
| 000 -LEADER | |
|---|---|
| fixed length control field | 00670nam a2200205 a 4500 |
| 003 - CONTROL NUMBER IDENTIFIER | |
| JCCL marc code | BD-JhCC |
| 005 - DATE AND TIME OF LATEST TRANSACTION | |
| control field | 20230606115119.0 |
| 008 - FIXED-LENGTH DATA ELEMENTS--GENERAL INFORMATION | |
| fixed length control field | 230606s2012 b a|||| |||| 000 0 b d |
| 020 ## - INTERNATIONAL STANDARD BOOK NUMBER | |
| International Standard Book Number | 9847010503791 |
| 035 ## - SYSTEM CONTROL NUMBER | |
| system control number | (BD-JhCC) |
| 040 ## - CATALOGING SOURCE | |
| Original cataloging agency | BD-JhCC |
| Modifying agency | BD-JhCC |
| 041 ## - LANGUAGE CODE | |
| Language code of Book | Bangla and English |
| 082 ## - DEWEY DECIMAL CLASSIFICATION NUMBER | |
| Classification number | 582.13095492 |
| Author mark and Year | TAH 2012 |
| 100 ## - MAIN ENTRY--PERSONAL NAME | |
| Personal name | তাহের, এম এ |
| 245 ## - TITLE STATEMENT | |
| Title | বাংলাদেশের ফুল / |
| Statement of responsibility, etc | এম এ তাহের |
| 260 ## - PUBLICATION, DISTRIBUTION, ETC. (IMPRINT) | |
| Place of publication, distribution, etc | ঢাকা : |
| Name of publisher, distributor, etc | অনন্যা, |
| Date of publication, distribution, etc | ২০১২ |
| 300 ## - PHYSICAL DESCRIPTION | |
| Pagination | ২০৭ পৃ. : |
| Other physical details | রঙিন পৃষ্টা; |
| Dimensions | ২১ সেমি. |
| 650 ## - SUBJECT ADDED ENTRY--TOPICAL TERM | |
| Topical term or geographic name as entry element | Flowers |
| Geographic subdivision | Bangladesh |
| 942 ## - ADDED ENTRY ELEMENTS (KOHA) | |
| Source of classification or shelving scheme | Dewey Decimal Classification |
| Koha item type | Reference |
| Source of classification or shelving scheme | Damaged status | Not for loan | Home library | Current library | Shelving location | Date of accession | Cost, normal purchase price | Total Checkouts | Full call number | Barcode | Date last seen | Copy number | Method of acquisition | Koha item type | Currency |
|---|---|---|---|---|---|---|---|---|---|---|---|---|---|---|---|
| Dewey Decimal Classification | JCC Rouf Library | JCC Rouf Library | General Stacks | 06/06/2023 | 1275.00 | 582.13095492 TAH 2012 | 17124 | 06/06/2023 | C-1 | Purchase | Reference | BDT |